00824nam a22002537a 45000010005000000030006000050050017000110080041000280200018000690400029000870500014001160820011001301000022001412450079001632500046002422600036002883000059003245050008003835200087003915210020004785210020004986000020005187000032005383054FISKH20250820110657.0240201b cb ||||| |||| 00| 0 eng d a9780439136662 aFISKHbengcFISKHdFISKH aQA445.D63 a516.15 aDodds, Dayle Ann  aThe shape of things /cby Dodds, Daylee Ann : illustrated by Lacome, Julie aFirst Scholastic printing , November 1999 aNew York : bScholastic ,c1994 a16 unnumbered pages : bcolor illustrations ;c23 cm . aE  aIntroduction to shapes and items that are the shapes in the world around children.8 a200 bLexile 8 aE bRaz-Plus  2shapesvfiction aLacome, Julieeillustrator